00749nam a22002057a 4500999001900000005001700019010001500036020002700051035001400078037001300092082001500105100002200120245008100142260004000223270004500263300002500308500005500333942002800388952012700416 c104858d10485820230822105922.0 aENG-116708 a9788184845822c2480.00 aEN-100240 bDBAD/PUB a 342.54087 aChadha, Anuradha  aReservation law and policy: bpast, present and future/cby Anuradha Chadha. aNew DelhibRegal Publicationsc2016 aF-159, Rajouri GardenbNew Delhie110027 axiv,440.00c23cm(Hb) a Includes bibliographical references and index.  2ddccENh342.54087mCHA 001040718NFICaDBADbLd2016-11-30eDBAD/PUBg2480.00l0o342.54087 CHApEN-100240r2016-11-30 00:00:00t1v2480.00yEN